| 000 | 00386nam a22001457a 4500 | ||
|---|---|---|---|
| 020 | _a9780470646137 | ||
| 040 | _cNust | ||
| 082 |
_a510.2462 _bKRE |
||
| 100 | _aKreyszig, Erwin | ||
| 245 | _aAdvanced Engineering Mathematics | ||
| 250 | _a10th Edition | ||
| 260 |
_aHoboken: _bJohn Wiley & Sons Inc, _c2011. |
||
| 650 |
_aAdvanced Engineering Mathematics _962117 |
||
| 942 |
_2ddc _cTEXT |
||
| 999 |
_c610080 _d610080 |
||